000 00691nam a2200145Ia 4500
008 100122s9999 xx 000 0 und d
082 _b41716
_a821.09
100 _aमंचरकर रत्नाकर
245 _aमुक्तेश्वरांची कविता खंड - 3 महाभारत
260 _bमराठी साहित्य संशोधक मंडळ मु.म.ग्र.सं
_c1905
300 _a294
630 _aमुक्तेश्वरांची कविता खंड - 3 महाभारत
730 _aमुक्तेश्वरांची कविता खंड - 3 महाभारत
942 _cBOOK
999 _c422292
_d422289